Vesna časopis zamestnancov N. P. Vesna

Bibliographic Details
Format: Journal
Language:Slovak
PhysicalDescription:3 roč. 30 x 21 cm
Published: Bratislava ZS ROH, n. p. Vesna Bratislava 1949-1951
Subjects:

MARC

LEADER 00000cas a2200000 a 4500
001 vtls010302487
003 SK-MaSNL
005 20260228162848.0
008 110810d19491951xo mr|p 0 b0slo
040 |a SNK  |b slo  |c SNK  |e AACR2 
041 0 |a slo 
043 |a e-xo--- 
044 |a xo  |c SK 
072 7 |a 687  |x Odevný priemysel. Kozmetika. Kaderníctvo. Starostlivosť o vzhľad  |2 konspekt 
080 |a 050  |2 2001 
080 |a 687.1  |2 2001 
080 |a 677.074/.077  |2 2001 
245 0 0 |a Vesna  |b časopis zamestnancov N. P. Vesna 
260 |a Bratislava  |b ZS ROH, n. p. Vesna Bratislava  |c 1949-1951 
300 |a 3 roč.  |c 30 x 21 cm 
310 |a 1x mesačne  |b 1/1951-8/1951 
321 |a 2x týždenne  |b 1/1950-10/1950 
321 |a 1x mesačne  |b 1/1949-3/1949 
362 0 |a Roč. I, č. 1 (1. 7. 1949)-roč. III, č. 8 (sept. 1951) 
500 |a Podnázov od r. 1950: časopis zamestnancov VESNA, národný podnik 
500 |a Tlač.: C. F. Wigand, n. p. Bratislava; od 1/1950, Západoslov. tlačiarne, n. p., záv. Trenčín; od 1/1951, Západoslov. tlačiarne, záv. Trnava 
610 2 7 |a Vesna (Bratislava, Slovensko)  |2 SNKKA  |9 272337 
650 0 7 |a odevníctvo  |2 SNKPH  |9 30041 
650 0 7 |a textilný priemysel  |2 SNKPH  |9 51332 
655 7 |a podnikové periodiká  |2 SNKPH  |9 132333 
910 |a snk 
916 |a 1949-1951 
958 |a OND 
999 |c 8463  |d 10393 
952 |0 0  |1 0  |4 0  |7 0  |a SNK  |b SNK  |d 2015-07-22  |f 1  |i snkII. 1205/49  |l 0  |o snkČSB 949/1/1949  |p 17A0749611  |r 2026-02-21 19:45:31  |t č. 1-3  |w 2026-02-21  |y PREZ 
952 |0 0  |1 0  |4 0  |7 0  |a SNK  |b SNK  |d 2015-07-22  |f 1  |i snkII. 1543/50  |l 0  |o snkČSB 949/2/1950  |p 17A0749610  |r 2026-02-21 19:45:31  |t č. 1-10  |w 2026-02-21  |y PREZ 
952 |0 0  |1 0  |4 0  |7 0  |a SNK  |b SNK  |d 2015-07-22  |f 1  |l 0  |o snkČSB 949/3/1951  |p 17A0749607  |r 2026-02-21 19:45:31  |t č. 1-8  |w 2026-02-21  |y PREZ